| 000 | 00567 a2200205 4500 | ||
|---|---|---|---|
| 005 | 20260205142618.0 | ||
| 008 | 260205b |||||||| |||| 00| 0 eng d | ||
| 020 |
_a9789393715326 _cRs. 999.00 |
||
| 040 | _aMAIN | ||
| 082 |
_a330.12 _bK814C |
||
| 100 | _aKocka, Jurgen, ed. | ||
| 245 | _aCapitalism: The reemergence of a historical concept | ||
| 260 |
_bBloomsbury Academic India _c2024 _aNew Delhi |
||
| 300 | _aix, 281 | ||
| 650 | _aEconomics | ||
| 650 | _aCapitalism | ||
| 650 | _aEconomic Theory | ||
| 700 | _aLinden, Marcel van der, ed. | ||
| 942 | _cBK | ||
| 999 |
_c394787 _d394787 |
||